Biblioteca

Misión integral (Registro nro. 44758)

Detalles MARC
000 -LÍDER
Campo fijo de descripción fija 01354cam a2200313 i 4500
001 - NÚMERO DE CONTROL
Campo de control 768714001
003 - IDENTIFICADOR DEL NÚMERO DE CONTROL
Campo de control CO-MdFUSB
005 - FECHA Y HORA DE LA ULTIMA TRANSACCIÓN
control field 20240618062714.0
007 - CAMPO FIJO DE DESCRIPCIÓN FIJA--INFORMACIÓN GENERAL
Campo fijo de descripción fija ta
008 - ELEMENTOS DE LONGITUD FIJA -- INFORMACIÓN GENERAL
Campo fijo de descripción fija -- Información general 160825t2012 ag ||||||||||||| 0 spa d
020 ## - NÚMERO INTERNACIONAL NORMALIZADO PARA LIBROS
Número Internacional Normalizado del libro 9789871355464
040 ## - FUENTE DE CATALOGACIÓN
Agencia que realiza la transcripción CO-MdFUSB
Idioma de catalogación spa.
Agencia de catalogación original CO-MdFUSB
Agencia que realiza la modificación CO-MdFUSBC
Convenciones de la descripción rda
041 ## - CÓDIGO DE IDIOMA
Código de idioma para texto/pista de sonido o título separado spa
082 04 - NÚMERO DE CLASIFICACIÓN DECIMAL DEWEY
Número de clasificación 260
Número de la edición del Dewey 23
Clave de autor-Numero de item P1237n
100 1# - ASIENTO PRINCIPAL--NOMBRE PERSONAL
Nombre personal Padilla, C. René
Término relacionador autor
245 ## - TÍTULO
Título del Material Misión integral
Parte restante del título - Subtitulo : ensayos sobre el reino de Dios y la iglesia
Mención de responsabilidad, etc. / C. René Padilla
250 #0 - MENCIÓN DE EDICIÓN
Mención de edición segunda edición
264 #1 - PRODUCCIÓN, PUBLICACIÓN, DISTRIBUCIÓN, MANUFACTURA, Y COPYRIGHT
Lugar de producción, publicación, distribución, manufactura Buenos Aires, Argentina :
Nombre del productor, publicador, distribuidor Kairós
Fecha de producción, publicación, distribución, manufactura, o copyright [2012]
264 #4 - PRODUCCIÓN, PUBLICACIÓN, DISTRIBUCIÓN, MANUFACTURA, Y COPYRIGHT
Fecha de producción, publicación, distribución, manufactura, o copyright © 2012
300 ## - DESCRIPCIÓN FÍSICA
Extensión 299 páginas
Dimensiones ; 20 cm
336 ## - TIPO DE CONTENIDO
Término de tipo de contenido texto
Código de tipo de contenido txt
Fuente rdacontent
337 ## - TIPO DE MEDIO
Fuente rdamedia
Nombre del tipo de medio sin mediación
Código del tipo de medio n
338 ## - TIPO DE SOPORTE
Fuente rdacarrier
Nombre del tipo de soporte volumen
Código Tipo de soporte nc
505 ## - NOTA DE CONTENIDO
Nota de contenido con formato preestablecido De Lausana 1 a Lausana 3: la fraternidad teológica Latinoamericana y la misión integral -- El evangelio y evangelización -- Conflicto espiritual -- ¿Qué es el evangelio? La contextualización del evangelio -- Cristo y Anticristo en la proclamación del evangelio -- Misión integral -- la unidad de la iglesia y el principio de las unidades homogéneas -- perspectivas neotestamentarias para un estilo de vida sencillo -- la misión de la iglesia a la luz del reino de Dios.
563 ## - NOTA DE ENCUADERNACIÓN
Nota de encuadernación Rústico
650 #0 - ASIENTO SECUNDARIO DE MATERIA - TERMINO TEMÁTICO
Término temático o nombre geográfico como elemento de entrada Misiones
9 (RLIN) 154
942 ## - TIPO DE MATERIAL (KOHA)
Tipo de Item KOHA Libros General
945 ## - INFORMACIÓN LOCAL DEL REGISTRO
Catalogador JTF-925
Existencias
Estado de Material Estado de Perdido Forma de Clasificación Estado de Dañado No para Préstamo Colección Tomo Biblioteca de Origen Biblioteca Permanente Fecha de Adquisición Área Total de Préstamos Total de Renovaciones Signatura Topográfica Código de Barras Última vez visto Última vez Préstado Ejemplar/Existencia Tipo de Material Fecha de Remplazo
    Dewey Decimal Classification     Colección General   Biblioteca FUSBC Biblioteca FUSBC 05/03/2024 MISIONES / EVANGELISMO 1 1 G 260 P1237n 22342 08/11/2025 11/10/2025 Ej. 3 Libros General  
    Dewey Decimal Classification     Colección General   Biblioteca FUSBC Biblioteca FUSBC 20/05/2014 MISIONES / EVANGELISMO 3   G 260 P1237n 22292 15/10/2025 11/10/2025 Ej. 2 Libros General 26/01/2016

Biblioteca FUSBC | Teléfono: (57+4) 349 88 10 Ext. 141| WhatsApp (+57) 3005338115 
E-mail: biblioteca@unisbc.edu.co | Calle 76 87-14 Robledo Palenque, Medellín, Colombia

Con tecnología Koha